| 000 | 00424cam a2200169ua 4500 | ||
|---|---|---|---|
| 041 |
_aeng _h |
||
| 082 |
_a923 _bWYM/SO |
||
| 100 | _aWymer, Norman . | ||
| 245 | _aSocial reformers | ||
| 260 |
_aNew York : _bOxford University Press , _c1955. |
||
| 300 | _a186 ; . | ||
| 440 | 0 |
_aLives of great men and women, _v _x; |
|
| 490 | 0 |
_aLives of great men and women, _v _x; |
|
| 504 | _a | ||
| 942 | _cBK | ||
| 999 |
_c4344 _d4344 |
||